| 000 | 00615nam a22001937a 4500 | ||
|---|---|---|---|
| 003 | 0 | ||
| 005 | 20241015093911.0 | ||
| 008 | 241015b xxu||||| |||| 00| 0 eng d | ||
| 020 | _a9781774697276 | ||
| 050 |
_aTS 155 _b.Sh53 2024 |
||
| 100 |
_aSharma, Abhishek, _eauthor. |
||
| 245 |
_aProduction and operations management / _cAbhishek Sharma. |
||
| 260 |
_aBurlington, ON : _bToronto Academic Press, _c2024. |
||
| 300 |
_avii, 253 p. : _bcol. ill. ; _c26 cm. |
||
| 504 | _aIncludes bibliographical references and index. | ||
| 650 | _aProduction management. | ||
| 650 | _aIndustrial management. | ||
| 942 |
_2lcc _cBK |
||
| 999 |
_c366545 _d366545 |
||